| 000 | 00601nam a2200169 i 4500 | ||
|---|---|---|---|
| 001 | 31033 | ||
| 003 | ES-MaACL | ||
| 005 | 20230906154310.0 | ||
| 007 | t| | ||
| 008 | 030128s1924 sp ||||1| spa d | ||
| 100 | 1 |
_aBatuecas, Tomás. _926494 |
|
| 245 | 1 | 0 |
_aRevisión del peso del litro normal y de la desviación a la Ley de Avogadro del gas óxido de metilo / _cpor T. Batuecas. |
| 260 |
_a[S.l. : _bs.n., _c1924] ( _eMadrid) |
||
| 300 |
_a12 h. ; _c22 cm. |
||
| 500 | _aEs Separata de: Anales de la Sociedad Española de Física y Química, tomo XXII, p. 409-431. | ||
| 852 |
_aES-MaACL _j1733-F-29 |
||
| 999 |
_c31033 _d31033 |
||